000 00718nam a2200217Ia 4500
003 OSt
005 20241109103034.0
008 210210b1990 xxu||||| |||| 00| 0 eng d
040 _cAL
041 _aKannada
082 _a381.18K VIGD
100 _aVIGNESHWARA (V)
_dವಿಘ್ನೇಶ್ವರ (ವಿ)
_9182483
245 _aDakshina kannada jilleyalli varada santhegalu
_bದಕ್ಷಿಣ ಕನ್ನಡ ಜಿಲ್ಲೆಯಲ್ಲಿ ವಾರದ ಸಂತೆಗಳು
260 _aPutturu
_bKannada Sangha, Vivekananda Kaleju.,
_c1990
300 _a38
650 _aFairs
_9182484
650 _aSouth Kanara /South Canara
_9184743
690 _aTrade
_9182485
906 _a043797
942 _2ddc
_cBK
999 _c93259
_d93259